00000000nam 2200000zi 4500
0019.952942
003CaOODSP
00520250707144145
006m     o  d f      
007cr |n|||||||||
008250707t20092009onca    obi  f|0| 0 fre d
020 |z9781100913803
040 |aCaOODSP|bfre|erda|cCaOODSP
043 |an-cn---
0861 |aA104-77/2009F-PDF|zA104-77/2009F
1001 |aGrimm, F. Wayne, |eauteur.
24510|aIdentification des escargots et des limaces terrestres au Canada :|bespèces introduites et genres indigènes / |cpar F. Wayne Grimm, Robert G. Forsyth, Frederick W. Schueler, and Aleta Karstad.
264 1|aOttawa, ON : |bAgence canadienne d'inspection des alimentes = Canadian Food Inspection Agency, |c[2009]
264 4|c©2009
300 |a1 ressource en ligne (iv, 168 pages) : |billustrations
336 |atexte|btxt|2rdacontent/fre
337 |ainformatique|bc|2rdamedia/fre
338 |aressource en ligne|bcr|2rdacarrier/fre
500 |aPublié aussi en anglais sous le titre : Identifying land snails and slugs in Canada : introduced species and native genera.
504 |aComprend des références bibliographiques (pages 149-159) et index.
650 6|aEscargots|zCanada|xClassification.
650 6|aLimaces|zCanada|xClassification.
7102 |aAgence canadienne d'inspection des aliments, |eorganisme de publication.
77508|tIdentifying land snails and slugs in Canada : |w(CaOODSP)9.950107
7760#|tIdentification des escargots et des limaces terrestres au Canada : |w(CaOODSP)9.684584
85640|qPDF|s4.09 Mo|uhttps://publications.gc.ca/collections/collection_2025/acia-cfia/A104-77-2009-fra.pdf